Central Library OPAC University of Rajshahi

Investment projects in agriculture : (Record no. 37065)

MARC details
000 -LEADER
fixed length control field 01067nam a22002891a 4500
001 - CONTROL NUMBER
control field 37065
003 - CONTROL NUMBER IDENTIFIER
rucl marc code BD-RjUL
005 - DATE AND TIME OF LATEST TRANSACTION
control field 20211209052556.0
008 - FIXED-LENGTH DATA ELEMENTS--GENERAL INFORMATION
fixed length control field 141012r19851981enka b 000 0 eng d
020 ## - INTERNATIONAL STANDARD BOOK NUMBER
International Standard Book Number 0582647118
035 ## - SYSTEM CONTROL NUMBER
System control number CURL Interim file ISBN01 record 104620
-- (BD-RjUL)37167
040 ## - CATALOGING SOURCE
Original cataloging agency BD-RjUL
Language of cataloging eng
Transcribing agency BD-RjUL
Modifying agency BD-RjUL
041 ## - LANGUAGE CODE
Language code of text/sound track or separate title eng
082 ## - DEWEY DECIMAL CLASSIFICATION NUMBER
Edition number 19
Classification number 338.18091724
Author mark and year BEI 1985
100 1# - MAIN ENTRY--PERSONAL NAME
Personal name Benjamin, McDonald P.
9 (RLIN) 113335
245 10 - TITLE STATEMENT
Title Investment projects in agriculture :
Remainder of title principles and case studies /
Statement of responsibility, etc. McDonald P. Benjamin
260 ## - PUBLICATION, DISTRIBUTION, ETC. (IMPRINT)
Place of publication, distribution, etc. Harlow :
Name of publisher, distributor, etc. Longman,
Date of publication, distribution, etc. 1981[reprint 1985].
300 ## - PHYSICAL DESCRIPTION
Pagination xxiii, 297 p :
Illustrations ill ;
Size 24 cm
504 ## - BIBLIOGRAPHY, ETC. NOTE
Bibliography, etc Bibliography: p. 284-285
Bibliography, etc Includes index
650 #0 - SUBJECT ADDED ENTRY--TOPICAL TERM
Topical term or geographic name as entry element Agricultural development projects
Geographic subdivision Developing countries
General subdivision Planning
9 (RLIN) 113336
Topical term or geographic name as entry element Agricultural development projects
Geographic subdivision Developing countries
General subdivision Finance
9 (RLIN) 113337
Topical term or geographic name as entry element Agricultural development projects
Geographic subdivision Developing countries
General subdivision Case studies
9 (RLIN) 113338
942 ## - ADDED ENTRY ELEMENTS (KOHA)
Source of classification or shelving scheme Dewey Decimal Classification
Koha item type Books
Holdings
Lost status Source of classification or shelving scheme Damaged status Not for loan Collection code Permanent Location Current Location Shelving location Date acquired Source of acquisition Total Checkouts Full call number Date last seen Copy number Koha item type
  Dewey Decimal Classification   Not For Loan Non-fiction Institute of Biological Sciences (IBSc) Library Institute of Biological Sciences (IBSc) Library   13/10/2014 British council   338.18091724 BEI 1985 13/10/2014 C-1 Books